Révolution numérique, chambardement économique (notice n° 1880462)
[ vue normale ]
| 000 -LEADER | |
|---|---|
| fixed length control field | 01614cam a2200217 4500500 |
| 005 - DATE AND TIME OF LATEST TRANSACTION | |
| control field | 20260329013451.0 |
| 041 ## - LANGUAGE CODE | |
| Language code of text/sound track or separate title | fre |
| 042 ## - AUTHENTICATION CODE | |
| Authentication code | dc |
| 100 10 - MAIN ENTRY--PERSONAL NAME | |
| Personal name | Le Picard, Hugo |
| Relator term | author |
| 245 00 - TITLE STATEMENT | |
| Title | Révolution numérique, chambardement économique |
| 260 ## - PUBLICATION, DISTRIBUTION, ETC. | |
| Date of publication, distribution, etc. | 2026.<br/> |
| 500 ## - GENERAL NOTE | |
| General note | 85 |
| 520 ## - SUMMARY, ETC. | |
| Summary, etc. | La révolution numérique bouleverse l’économie, dans la mesure où ses effets s’étendent bien au-delà du secteur numérique lui-même. En effet, elle transforme la manière même dont on conçoit la création de valeur. L’Intelligence artificielle constitue une nouvelle étape qui nécessite des capacités d’investissement colossales dans des infrastructures physiques comme les data centers. L’Europe n’a pas su saisir à temps l’ampleur de ces changements, mais elle dispose tout de même de certains atouts.politique étrangère |
| 520 ## - SUMMARY, ETC. | |
| Summary, etc. | The digital revolution is profoundly shaking up the economy, with the impact felt well beyond the digital sector itself. Indeed, it is transforming the very concept of value creation. Artificial intelligence represents a new phase that requires a colossal investment in physical infrastructure like data centers. Europe failed to grasp the scale of these changes in time, but it does have certain advantages. |
| 690 ## - LOCAL SUBJECT ADDED ENTRY--TOPICAL TERM (OCLC, RLIN) | |
| Topical term or geographic name as entry element | Économie de la donnée |
| 690 ## - LOCAL SUBJECT ADDED ENTRY--TOPICAL TERM (OCLC, RLIN) | |
| Topical term or geographic name as entry element | Économie numérique |
| 690 ## - LOCAL SUBJECT ADDED ENTRY--TOPICAL TERM (OCLC, RLIN) | |
| Topical term or geographic name as entry element | GAFAM |
| 690 ## - LOCAL SUBJECT ADDED ENTRY--TOPICAL TERM (OCLC, RLIN) | |
| Topical term or geographic name as entry element | Intelligence artificielle |
| 786 0# - DATA SOURCE ENTRY | |
| Note | Politique étrangère | Pritemps | 1 | 2026-03-05 | p. 45-58 | 0032-342X |
| 856 41 - ELECTRONIC LOCATION AND ACCESS | |
| Uniform Resource Identifier | <a href="https://shs.cairn.info/revue-politique-etrangere-2026-1-page-45?lang=fr&redirect-ssocas=7080">https://shs.cairn.info/revue-politique-etrangere-2026-1-page-45?lang=fr&redirect-ssocas=7080</a> |
Pas d'exemplaire disponible.




Réseaux sociaux